000 00532nam a2200181Ia 4500
001 1636
005 20260306143743.0
008 260306t2018||||xx |||||||||||||| ||spa||
041 _aESP
082 _a153.9
_bF63
100 _aFlores-Mendoza, Carmen,
_eAUT
245 0 _aIntelligence measurement and school performance in Latin America :
_ba report of the study of Latin American intelligence project
260 _c2018
300 _axiii, 124 páginas :
_c24 cm.
650 _aGEN
654 _aCPS
942 _cLIB
_dJUS
_fJUS
_2ddc
_n
999 _c1636
_d1636